000 00661nam a22002177a 4500
003 OSt
005 20140310181927.0
008 130720t xxu||||| |||| 00| 0 eng d
050 _aMT 442
_b.B466 1985
082 _aTR 784.193
_bB43 197
100 _aBenham, Charles
_92446
245 _aPro Art Trumpet method. Bk. 1 :
_ba first year course for individual or class instruction /
_cCharles Benham
260 _aNew York :
_bPro Art,
_cc1985
300 _a48 p. :
_bill. ;
_c30 cm.
521 _aFaculty
541 _j1
562 _e1
610 _aBenham, Charles.
_92447
650 _aTrumpet
_xStudy and teaching.
_92448
942 _2lcc
_cBK-TR
_kTR
999 _c7226
_d7226